[Event "Tourn. n10087"]
[Site "www.echecsemail.com"]
[Date "2019.04.08"]
[Round "1"]
[White "Mitja"]
[Black "Fegatux"]
[WhiteElo "2090"]
[BlackElo "2240"]
[Result "0-1"]
[Round "1"]
1.d4 d5
2.e3 Ng8f6
3.h3 g6
4.c3 Bf8g7
5.Ng1f3 O-O
6.Bf1e2 Nb8d7
7.b3 c6
8.Bc1a3 Nf6e4
9.Ba3b2 b6
10.Nb1d2 Ne4xd2
11.Qd1xd2 a5
12.O-O Nd7f6
13.a4 Nf6e4
14.Qd2c1 Bc8a6
15.Be2xa6 Ra8xa6
16.Bb2a3 Rf8e8
17.Nf3d2 Ne4xd2
18.Qc1xd2 e5
19.Qd2d3 Ra6a7
20.dxe5 Bg7xe5
21.Ra1c1 Qd8d7
22.Rf1d1 Re8d8
23.Ba3b2 Qd7e7
24.Qd3c2 Ra7d7
25.Rd1d2 c5
26.Rc1d1 c4
27.bxc4 dxc4
28.Rd2xd7 Rd8xd7
29.Rd1xd7 Qe7xd7
30.Bb2a3 Qd7d3
31.Qc2xd3 cxd3
32.Kf1 Be5xc3
33.Ba3d6 Bc3b4
34.Bd6c7 f5
35.Bc7xb6 Kf7
36.f3 Ke6
37.g4 fxg4
38.hxg4 Kd5
39.e4 Kc4
40.e5 Kc3
41.Bb6e3 d2
42.Ke2 Kc2
43.Be3xd2 Bb4xd2
44.e6 Bd2g5
45.f4 Bg5f6
46.Ke3 Kb3
47.Ke4 h5
48.g5 Bf6e7
49.f5 gxf5
50.Kxf5 h4
51.g6 h3
52.g7 h2
53.g8Q h1Q
54.Qg8g3 Kxa4
55.Qg3f4 Be7b4
56.e7 Qh1d5
57.Kf6 Qd5d7
{ resign }
0-1

[Event "Tourn. n10037"]
[Site "www.echecsemail.com"]
[Date "2019.04.08"]
[Round "1"]
[White "Seger"]
[Black "Drawlward"]
[WhiteElo "2730"]
[BlackElo "2670"]
[Result "1-0"]
[Round "1"]
1.e4 c5
2.g3 g6
3.Bf1g2 Bf8g7
4.Ng1e2 Nb8c6
5.O-O h5
6.h3 e5
7.f4 d6
8.d3 Ng8e7
9.Nb1d2 Bc8e6
10.Nd2f3 f6
11.Kh2 Qd8c7
12.Nf3h4 Be6f7
13.c3 exf4
14.Ne2xf4 g5
15.Nf4d5 Qc7d7
16.Nh4f5 Ne7xf5
17.exf5 O-O-O
18.b4 h4
19.g4 Rh8e8
20.Bc1d2 Nc6e7
21.c4 Ne7xd5
22.cxd5 Qd7b5
23.Bg2e4 cxb4
24.a4 bxa3
25.Ra1xa3 Kb8
26.Ra3b3 Qb5c5
27.Qd1b1 Rd8d7
28.Rb3b5 Qc5d4
29.Bd2e1 Qd4e5
30.Kg1 b6
31.Be1f2 Rd7b7
32.Rb5b3 Re8c8
33.Rf1e1 Qe5f4
34.Rb3a3 Bf7e8
35.Qb1b2 Rb7c7
36.Ra3a2 Rc7c1
37.Ra2xa7 Rc1xe1
38.Kg2 Re1g1
39.Bf2xg1 Qf4g3
40.Kf1 Be8b5
41.Bg1xb6 Qg3f4
42.Kg2 Qf4g3
43.Kf1 Qg3f4
44.Bb6f2 Qf4c1
45.Qb2xc1 Rc8xc1
46.Ke2 Rc1c7
47.Ra7a5 Rc7b7
48.Bf2d4 Bb5e8
49.Ke3 Kc7
50.Be4f3 Kd8
51.Bf3d1 Ke7
52.Bd1a4 Be8xa4
53.Ra5xa4 Kf7
54.Ra4a8 Rb7e7
55.Kd2 Re7e8
56.Ra8a7 Re8e7
57.Ra7a6 Re7d7
58.Ra6c6 Bg7f8
59.Bd4b6 Rd7b7
60.Kc3 { resign }
1-0

[Event "Match"]
[Site "www.echecsemail.com"]
[Date "2019.04.08"]
[Round "1"]
[White "D4minance"]
[Black "Llord"]
[WhiteElo "1499"]
[BlackElo "2000"]
[Result "1-0"]
[Round "1"]
1.d4 e6
2.c4 d5
3.Ng1f3 Bf8b4
4.Bc1d2 Bb4xd2
5.Qd1xd2 Ng8f6
6.g3 Nf6e4
7.Qd2c2 Qd8f6
8.cxd5 exd5
9.Qc2xc7 O-O
10.Nb1c3 Ne4xc3
11.bxc3 Bc8g4
12.Nf3e5 Bg4h5
13.Qc7xb7 Nb8a6
14.Qb7xd5 Ra8d8
15.Qd5a5 Rd8e8
16.g4 Bh5g6
17.Ne5d7 Qf6e6
18.Nd7xf8 Kxf8
19.h4 Bg6d3
20.Rh1h3 Bd3c4
21.Rh3e3 Qe6c6
22.Bf1g2 Qc6xg2
23.Qa5a3 { resign }
1-0

[Event "Tourn. n10090"]
[Site "www.echecsemail.com"]
[Date "2019.04.08"]
[Round "1"]
[White "Cal"]
[Black "Ditto"]
[WhiteElo "1800"]
[BlackElo "1760"]
[Result "1/2-1/2"]
[Round "1"]
1.c4 e5
2.a3 Bf8c5
3.e4 d6
4.h3 Qd8f6
5.Ng1f3 Ng8e7
6.d3 Bc8e6
7.Bc1g5 Qf6g6
8.Qd1b3 Bc5b6
9.Bg5xe7 Kxe7
10.Nb1c3 Nb8d7
11.Bf1e2 Qg6xg2
12.Rh1g1 Qg2xh3
13.O-O-O Qh3h4
14.Kb1 Rh8g8
15.Rd1f1 Qh4h6
{ draw }
1/2-1/2

[Event "Fast Game"]
[Site "www.echecsemail.com"]
[Date "2019.04.08"]
[Round "1"]
[White "Fabos12"]
[Black "Hennie4820"]
[WhiteElo "1780"]
[BlackElo "1630"]
[Result "1-0"]
[Round "1"]
1.d4 Ng8f6
2.Bc1f4 g6
3.e3 Bf8g7
4.Nb1d2 O-O
5.Ng1f3 d6
6.Bf1d3 Nb8d7
7.O-O c5
8.c3 b6
9.Bd3c4 Bc8b7
10.Rf1e1 Ra8c8
11.Nf3g5 h6
12.Ng5xf7 Rf8xf7
13.Bc4xf7 Kxf7
14.e4 Kg8
15.e5 Nf6h5
16.Bf4g3 Nh5xg3
{ time. }
1-0

[Event "Match"]
[Site "www.echecsemail.com"]
[Date "2019.04.09"]
[Round "1"]
[White "Karlgrocer"]
[Black "Sae80"]
[WhiteElo "1930"]
[BlackElo "2200"]
[Result "0-1"]
[Round "1"]
1.d4 d5
2.e3 Ng8f6
3.Ng1f3 c5
4.dxc5 Qd8a5
5.Nb1d2 e6
6.Bf1e2 Qa5xc5
7.O-O a5
8.b3 Bf8e7
9.a4 O-O
10.Bc1a3 Qc5c7
11.Ba3xe7 Qc7xe7
12.Nf3d4 e5
13.Nd4b5 Rf8d8
14.Nd2f3 Bc8f5
15.Ra1c1 Nb8c6
16.Nf3e1 d4
17.exd4 Nc6xd4
18.Nb5xd4 Rd8xd4
19.Be2d3 e4
20.Qd1e2 Qe7a3
21.Bd3c4 Qa3xc1
22.Ne1f3 exf3
23.Qe2xf3 Qc1xc2
24.Qf3xb7 Ra8f8
25.h3 Bf5d3
26.Bc4xd3 Rd4xd3
{ resign }
0-1

[Event "Match"]
[Site "www.echecsemail.com"]
[Date "2019.04.09"]
[Round "1"]
[White "Cathar"]
[Black "Gimmyg"]
[WhiteElo "2180"]
[BlackElo "2540"]
[Result "0-1"]
[Round "1"]
1.d4 Ng8f6
2.c4 e6
3.Ng1f3 b6
4.g3 Bc8b7
5.Bf1g2 Bf8e7
6.O-O O-O
7.d5 exd5
8.Nf3h4 c6
9.cxd5 cxd5
10.Nb1c3 Nb8a6
11.Nh4f5 Na6c7
12.Bc1f4 Be7c5
13.Ra1c1 d6
14.Qd1d2 a5
15.Bf4g5 Rf8e8
16.Qd2f4 Nc7e6
17.Qf4h4 Ne6xg5
18.Qh4xg5 g6
19.Rc1d1 Re8e5
20.Nf5h6 Kg7
21.Qg5d2 Qd8d7
{ resign }
0-1

[Event "Tourn. n10014"]
[Site "www.echecsemail.com"]
[Date "2019.04.09"]
[Round "1"]
[White "Rons"]
[Black "Seger"]
[WhiteElo "2650"]
[BlackElo "2820"]
[Result "1/2-1/2"]
[Round "1"]
1.e4 c5
2.Ng1f3 d6
3.d4 cxd4
4.Nf3xd4 Ng8f6
5.Nb1c3 a6
6.Bc1e3 e5
7.Nd4b3 Bf8e7
8.f3 Bc8e6
9.Qd1d2 O-O
10.O-O-O Nb8d7
11.g4 b5
12.g5 Nf6h5
13.Nc3d5 Be6xd5
14.exd5 f5
15.gxf6 Be7xf6
16.Nb3a5 Qd8e8
17.Na5c6 Bf6d8
18.Bf1h3 Nh5f4
19.Bh3e6 Kh8
20.Nc6xd8 Qe8xd8
21.h4 Qd8e7
22.h5 h6
23.Kb1 Rf8f6
24.Be6g4 Qe7d8
25.b3 a5
26.Rh1h4 a4
27.Bg4xd7 Qd8xd7
28.Be3xf4 exf4
29.Rh4xf4 Qd7f7
30.Rf4xf6 Qf7xf6
31.f4 axb3
32.cxb3 Qf6f5
33.Qd2d3 Qf5xh5
34.Rd1c1 Ra8b8
35.f5 Qh5g5
36.Rc1f1 Qg5f6
37.Qd3e2 b4
38.Rf1f2 Qf6d4
39.f6 gxf6
40.Qe2f3 Rb8f8
41.Qf3f5 Qd4e5
42.Qf5e6 Qe5g3
43.Rf2c2 Qg3g1
44.Rc2c1 Qg1g6
45.Kb2 Qg6g3
46.Rc1c6 h5
47.Rc6xd6 Qg3c3
48.Kb1 Qc3d3
49.Kb2 Qd3d4
50.Kb1 Qd4d1
51.Kb2 Qd1d4
52.Kb1 Qd4g1
53.Kb2 Qg1g2
54.Kb1 Kh7
55.Qe6e7 Qg2g7
56.Qe7e1 Qg7g6
57.Ka1 Qg6g4
58.Qe1e7 Qg4g7
59.Qe7e2 Qg7g1
60.Kb2 Qg1d4
61.Kb1 Kh6
62.Qe2e7 Qd4g1
63.Kc2 Rf8c8
64.Rd6c6 Rc8xc6
65.dxc6 Qg1g2
66.Kd1 Qg2xc6
67.Qe7xb4 Kg5
68.Qb4d2 Kg4
69.Qd2b4 Kg5
70.Qb4d2 Kg4
71.Qd2b4 Kf5
72.a4 Qc6f3
73.Ke1 Qf3e3
74.Kd1 Qe3g1
75.Ke2 Qg1g2
76.Ke3 Qg2g3
77.Ke2 h4
78.Qb4b5 Kg6
79.Qb5e8 Kg7
80.Qe8e7 Kg6
81.Qe7e4 f5
82.Qe4e8 Kg5
83.Qe8g8 Kf4
84.Qg8c4 Kg5
85.Qc4g8 Kf4
86.Qg8c4 Ke5
{ draw }
1/2-1/2

[Event "Tourn. n10112"]
[Site "www.echecsemail.com"]
[Date "2019.04.09"]
[Round "1"]
[White "Bojan"]
[Black "Fegatux"]
[WhiteElo "2050"]
[BlackElo "2270"]
[Result "0-1"]
[Round "1"]
1.e4 e6
2.d4 d5
3.exd5 exd5
4.c4 Ng8f6
5.c5 c6
6.f3 Bf8e7
7.Bf1d3 O-O
8.Bc1f4 Rf8e8
9.Ng1e2 Nf6h5
10.Bf4e3 Be7h4
11.g3 Re8xe3
12.Kf2 Re3e8
13.gxh4 Qd8xh4
14.Ne2g3 Qh4xd4
15.Kf1 Bc8h3

0-1

[Event "Match"]
[Site "www.echecsemail.com"]
[Date "2019.04.09"]
[Round "1"]
[White "Apdash"]
[Black "Tbsundar"]
[WhiteElo "2150"]
[BlackElo "2080"]
[Result "1-0"]
[Round "1"]
1.e4 e5
2.Ng1f3 Nb8c6
3.Bf1c4 Ng8f6
4.d3 Bf8c5
5.O-O d6
6.Nb1c3 O-O
7.Bc1g5 Bc8g4
8.h3 Bg4h5
9.Nc3d5 Nc6d4
10.g4 Bh5g6
11.Nf3xd4 Bc5xd4
12.Qd1f3 c6
13.Nd5xf6 gxf6
14.Bg5xf6 Qd8d7
15.Qf3g3 h6
16.h4 d5
17.exd5 cxd5
18.Bc4b3 Qd7e6
19.g5 h5
20.c3 Bd4b6
21.Bf6xe5 Rf8e8
22.Ra1e1 Ra8d8
23.Bb3a4 Re8f8
24.Be5g7 Qe6g4
25.Qg3xg4 hxg4
26.Bg7xf8 Kxf8
27.Re1d1 g3
28.d4 Bg6h5
29.Rd1d2 Bb6c7
30.f4 a6
31.Kg2 b5
32.Ba4b3 a5
33.Kxg3 a4
34.Bb3d1 Bh5g6
35.h5 Bg6e4
36.Bd1f3 f5
37.h6 Kf7
38.Bf3h5 Kg8
39.g6 Rd8d6
40.Rd2h2 a3
41.Rf1f2 Rd6c6
42.h7 Kh8
43.g7 Kxg7
44.Bh5e8 Kh8
45.Be8xc6 b4
46.cxb4 Bc7b6
47.bxa3 Bb6xd4
48.Rf2d2 Bd4g1
49.Rh2h5 d4
50.Bc6xe4 fxe4
51.Kg2 Bg1e3
52.Rd2c2 d3
53.Rc2c8 { resign }
1-0

[Event "1/32 Finale"]
[Site "www.chess-mail.com"]
[Date "2019.04.09"]
[Round "1"]
[White "Hennie4820"]
[Black "Pdebonis"]
[WhiteElo "2010"]
[BlackElo "2700"]
[Result "0-1"]
[Round "1"]
1.e4 c5
2.Ng1f3 d6
3.d4 cxd4
4.Nf3xd4 Ng8f6
5.Nb1c3 a6
6.Bf1e2 e5
7.Nd4b3 Bc8e6
8.Nc3d5 Nf6xe4
9.Bc1e3 Nb8d7
10.O-O Ra8c8
11.c4 Bf8e7
12.Be2d3 Ne4f6
13.Nd5xe7 Qd8xe7
14.h3 d5
15.cxd5 Nf6xd5
16.Qd1d2 O-O
17.Ra1c1 Nd5xe3
18.Qd2xe3 Be6xb3
19.axb3 g6
20.f4 Rc8xc1
21.Rf1xc1 Rf8e8
22.fxe5 Nd7xe5
23.Bd3c4 Ne5xc4
24.bxc4 Qe7xe3
{ resign }
0-1

[Event "1/64 Finale"]
[Site "www.chess-mail.com"]
[Date "2019.04.09"]
[Round "1"]
[White "Bevittsmith"]
[Black "Nimzo"]
[WhiteElo "2230"]
[BlackElo "2810"]
[Result "1-0"]
[Round "1"]
1.e4 e5
2.Ng1f3 Nb8c6
3.Bf1b5 Ng8f6
4.O-O Nf6xe4
5.d4 Ne4d6
6.Bb5xc6 dxc6
7.dxe5 Nd6f5
8.Qd1xd8 Kxd8
9.Nb1c3 Bf8e7
10.Bc1f4 Bc8e6
11.Rf1d1 Kc8
{ time. }
1-0

[Event "1/32 Finale"]
[Site "www.chess-mail.com"]
[Date "2019.04.09"]
[Round "1"]
[White "Guidom"]
[Black "Drawlward"]
[WhiteElo "2150"]
[BlackElo "2700"]
[Result "0-1"]
[Round "1"]
1.e4 c5
2.Ng1f3 Nb8c6
3.c4 e5
4.Nb1c3 d6
5.d3 g6
6.Bf1e2 Bf8g7
7.O-O Ng8e7
8.Bc1g5 h6
9.Bg5h4 g5
10.Bh4g3 Ne7g6
11.Nc3d5 h5
12.h4 gxh4
13.Bg3h2 h3
14.g3 Bc8e6
15.a3 a5
16.Nf3d2 h4
17.Be2g4 Nc6d4
18.Bg4xe6 fxe6
19.Nd5e3 Qd8g5
20.Qd1g4 Bg7h6
21.Qg4xg5 Bh6xg5
22.f4 exf4
23.gxf4 Ng6xf4
24.Bh2xf4 Bg5xf4
25.Ra1e1 Bf4g3
26.Re1d1 O-O-O
27.Kh1 Rd8f8
28.Rf1xf8 Rh8xf8
29.Rd1f1 Rf8xf1
30.Nd2xf1 Nd4e2
31.Ne3c2 Ne2c1
32.d4 Nc1d3
33.b3 Nd3f2
34.Kg1 Nf2xe4
35.dxc5 dxc5
36.b4 cxb4
37.axb4 a4
38.c5 Kc7
39.Nc2a3 Kc6
40.Kh1 Ne4f2
41.Kg1 Nf2d3
42.Na3c2 Kb5
43.Nc2d4 Kxb4
44.Nd4xe6 Nd3xc5
{ resign }
0-1

[Event "Tourn. n10076"]
[Site "www.echecsemail.com"]
[Date "2019.04.10"]
[Round "1"]
[White "Picifarkinca"]
[Black "Louis"]
[WhiteElo "2100"]
[BlackElo "2080"]
[Result "1-0"]
[Round "1"]
1.e4 c5
2.Nb1c3 d6
3.Ng1f3 Ng8f6
4.d4 cxd4
5.Nf3xd4 a6
6.Bf1e2 e5
7.Nd4b3 Bf8e7
8.Bc1e3 O-O
9.O-O Bc8e6
10.f4 exf4
11.Be3xf4 Nb8c6
12.Kh1 Ra8c8
13.Be2f3 Qd8d7
14.Nc3d5 Be6xd5
15.exd5 Nc6d8
16.c3 b5
17.Nb3d4 { resign }
1-0

[Event "Match"]
[Site "www.echecsemail.com"]
[Date "2019.04.10"]
[Round "1"]
[White "Nigelken"]
[Black "Bjonil60"]
[WhiteElo "1399"]
[BlackElo "1470"]
[Result "0-1"]
[Round "1"]
1.d4 d5
2.c4 c6
3.Nb1c3 e6
4.e3 Qd8e7
5.Ng1f3 Ng8f6
6.Bf1d3 h6
7.O-O Nb8a6
8.a3 g6
 { time }
0-1

[Event "Match"]
[Site "www.echecsemail.com"]
[Date "2019.04.10"]
[Round "1"]
[White "Bjonil60"]
[Black "Sonny1000"]
[WhiteElo "1400"]
[BlackElo "1570"]
[Result "0-1"]
[Round "1"]
1.Ng1f3 f6
2.d3 d5
3.e3 b5
4.a3 Bc8g4
5.Bf1e2 d4
6.exd4 a5
7.O-O Nb8c6
8.Nb1c3 Bg4xf3
9.Be2xf3 Nc6xd4
10.Bc1e3 Nd4xf3
11.Qd1xf3 Ra8b8
12.Qf3e2 c6
13.b3 e5
14.f3 Rb8a8
15.a4 b4
16.Nc3a2 c5
17.Rf1d1 Ng8h6
18.h3 Nh6f5
19.Be3d2 Qd8d4
20.Kh2 Qd4b2
21.Bd2e3 Ra8d8
22.g4 Nf5xe3
23.Qe2xe3 Qb2d4
24.Qe3e2 g6
25.h4 Qd4f4
26.Kh3 h5
27.g5 Rd8d4
28.gxf6 Qf4xh4
29.Kg2 Qh4g5
30.Kf2 Kf7
31.Rd1g1 Qg5h4
32.Ke3 Bf8h6
33.f4 Qh4xf4

0-1

[Event "Tourn. n10106"]
[Site "www.echecsemail.com"]
[Date "2019.04.10"]
[Round "1"]
[White "Bojan"]
[Black "Fantomas"]
[WhiteElo "2060"]
[BlackElo "2230"]
[Result "0-1"]
[Round "1"]
1.d4 Ng8f6
2.Ng1f3 d5
3.h3 h6
4.Nf3e5 Bc8f5
5.c4 e6
6.e3 dxc4
7.Qd1a4 c6
8.Qa4xc4 Bf8d6
9.b4 Nb8d7
10.f4 Nf6e4
11.Ne5f3 Nd7b6
12.Qc4b3 O-O
13.Bf1d3 Nb6d5
14.a3 h5
15.Bd3xe4 Bf5xe4
16.Nb1d2 Be4g6
17.Nd2c4 Bd6c7
18.Bc1d2 Nd5f6
19.Ke2 Nf6e4
20.Bd2e1 Qd8d5
21.Qb3a2 Ne4f6
22.Be1h4 Nf6e4
23.Kf1 Qd5b5
24.Ra1c1 Ne4d6
25.Kg1 Bg6e4
26.Nc4d2 Be4d5
27.Qa2c2 Nd6f5
28.Bh4f2 Bd5xf3
29.Nd2xf3 g6
30.g4 Nf5g7
31.Qc2d2 Qb5d5
32.Kg2 f5
33.Rc1c5 Qd5d7
34.gxh5 Ng7xh5
35.Rh1g1 Kh7
36.Bf2h4 Rf8g8
37.Kf2 Bc7d8
38.Nf3e5 Bd8xh4
39.Kf3 Qd7e8
40.Ke2 Nh5f6
41.Qd2a2 Nf6e4
42.Rc5c2 g5
43.Ne5f3 Qe8f7
44.Kd3 Ra8e8
45.a4 a6
46.Rc2g2 Qf7f6
47.Nf3e5 gxf4
48.Qa2e2 Ne4g3
49.Qe2f3 Re8e7
50.Qf3xf4 Qf6h6
51.Qf4f3 Re7g7
52.Kc4 Ng3h5
53.Kc5 Bh4d8
54.e4 Rg7xg2
55.Rg1xg2 Rg8xg2
56.Qf3xg2 f4
57.Qg2g4 Bd8c7
58.Ne5f7 Qh6f8
59.Kc4 Qf8xf7
60.Qg4f3 e5
61.Kc3 Nh5g3
62.Qf3d3 exd4
63.Kc2 Qf7a2
64.Kd1 Qa2xa4
65.Ke1 Qa4xb4
66.Kf2 Bc7e5
67.Qd3d1 Kh6
68.Kf3 Qb4c3
69.Kg4 Qc3e3
{ resign }
0-1

[Event "Tourn. n10085"]
[Site "www.echecsemail.com"]
[Date "2019.04.10"]
[Round "1"]
[White "Pariolinius"]
[Black "Bojan"]
[WhiteElo "1840"]
[BlackElo "2030"]
[Result "1-0"]
[Round "1"]
1.c4 g6
2.d4 d5
3.e3 Bf8g7
4.Ng1f3 c6
5.Nb1c3 dxc4
6.Bf1xc4 f6
7.O-O Qd8c7
8.Qd1b3 Kf8
9.Bc1d2 Nb8d7
10.Ra1c1 Nd7b6
11.Bc4f7 Ng8h6
12.Bf7e6 Bc8xe6
13.Qb3xe6 Ra8d8
14.Qe6b3 Nb6d5
15.Nc3b5 Qc7b6
16.a4 a6
17.a5 Qb6xb5
18.Qb3a2 Nd5b4
19.Qa2b1 b6
20.axb6 Qb5xb6
21.Rc1c4 a5
22.Bd2xb4 axb4
23.Rf1c1 Rd8c8
24.Qb1e4 f5
25.Qe4e6 Nh6f7
26.Qe6xc8 Nf7d8
27.Nf3g5 Bg7f6
28.Ng5e6 Kf7
29.Ne6xd8 Rh8xd8
30.Qc8xc6 Qb6b8
31.Qc6c5 b3
32.Rc4b4 Qb8a8
33.Rb4xb3 g5
34.Rb3a3 Qa8e4
35.Qc5c2 Qe4e6
36.Qc2c4 Rd8d5
37.Ra3a6 Qe6e4
38.Qc4c6 f4
39.Qc6c2 Qe4xc2
40.Rc1xc2 e5
41.Rc2c6 Bf6d8
42.Rc6d6 Rd5b5
43.Rd6xd8 Rb5xb2
44.h3 fxe3
45.fxe3 { resign }
1-0

[Event "Tourn. n10092"]
[Site "www.echecsemail.com"]
[Date "2019.04.10"]
[Round "1"]
[White "Louis"]
[Black "Picifarkinca"]
[WhiteElo "2050"]
[BlackElo "2160"]
[Result "0-1"]
[Round "1"]
1.b4 d5
2.Bc1b2 Bc8f5
3.e3 Ng8f6
4.Ng1f3 Nb8d7
5.Bf1e2 e6
6.a3 c5
7.bxc5 Bf8xc5
8.O-O O-O
9.d4 Bc5e7
10.c4 dxc4
{ resign }
0-1

[Event "Tourn. n10102"]
[Site "www.echecsemail.com"]
[Date "2019.04.10"]
[Round "1"]
[White "Bojan"]
[Black "Claudia"]
[WhiteElo "2070"]
[BlackElo "2000"]
[Result "0-1"]
[Round "1"]
1.e4 c5
2.Bf1c4 e6
3.e5 d6
4.Ng1f3 dxe5
5.Nf3xe5 a6
6.Qd1f3 Ng8f6
7.d3 Bf8d6
8.Ne5g4 Nb8d7
9.a3 O-O
10.Nb1c3 Nf6xg4
11.Qf3xg4 Nd7e5
12.Qg4e4 Ne5xc4
13.Qe4xc4 b5
14.Qc4e4 Ra8b8
15.Bc1e3 Bc8b7
16.Qe4g4 f5
17.Qg4h3 Qd8f6
18.Ra1b1 b4
19.axb4 cxb4
20.Nc3e2 f4
21.Be3d4 e5
22.Bd4a7 Bb7c8
23.Qh3f3 Rb8b7
24.Qf3d5 Kh8
25.Ba7c5 Bd6xc5
26.Qd5xc5 Rb7b5
27.Qc5c4 f3
28.gxf3 Qf6xf3
29.Kd2 Bc8g4
30.Rb1e1 Qf3f5
31.h4 Rf8c8
32.Qc4a2 a5
33.c4 bxc3
34.bxc3 Qf5xf2
35.Rh1g1 Bg4xe2
36.Re1xe2 Qf2xg1
37.c4 Rb5b1
38.Qa2c2 Rc8b8
{ resign }
0-1

[Event "Tourn. n10101"]
[Site "www.echecsemail.com"]
[Date "2019.04.10"]
[Round "1"]
[White "Souricette64"]
[Black "Bojan"]
[WhiteElo "1950"]
[BlackElo "2010"]
[Result "1-0"]
[Round "1"]
1.e4 c6
2.d4 Qd8c7
3.c3 e5
4.Ng1f3 d6
5.Bc1e3 h6
6.Nb1d2 Bf8e7
7.Bf1d3 Ng8f6
8.O-O Nf6g4
9.h3 Ng4xe3
10.fxe3 Bc8e6
11.Qd1e2 f6
12.Nf3h4 Be6f7
13.Nh4f5 Be7f8
14.Ra1e1 Nb8d7
15.Nd2b3 a5
16.a4 Bf7xb3
17.d5 Bb3xa4
18.Qe2h5 Kd8
19.c4 Nd7b6
20.Re1c1 Qc7d7
21.Rc1c3 Nb6c8
22.b3 Ba4xb3
23.Rc3xb3 Kc7
24.Rf1b1 Ra8a7
25.Kh1 Nc8e7
26.Qh5f7 a4
27.Rb3b6 a3
28.c5 Ne7xf5
29.Rb6xb7 Ra7xb7
30.Rb1xb7 { resign }
1-0

[Event "Match"]
[Site "www.echecsemail.com"]
[Date "2019.04.10"]
[Round "1"]
[White "Yudoka"]
[Black "Aiko1603"]
[WhiteElo "1809"]
[BlackElo "2150"]
[Result "1-0"]
[Round "1"]
1.d4 Ng8f6
2.c4 e6
3.Ng1f3 d5
4.Nb1c3 Bf8b4
5.Qd1b3 c5
6.a3 Bb4xc3
7.bxc3 cxd4
8.cxd4 Nb8c6
9.e3 O-O
10.cxd5 exd5
11.Bf1d3 Nc6a5
12.Qb3b1 Bc8g4
13.Nf3e5 Bg4e6
14.O-O Ra8b8
15.Bc1d2 Na5c6
16.Rf1c1 Nc6xe5
17.dxe5 Nf6e4
18.Bd2b4 Rf8e8
19.Bd3xe4 dxe4
20.Qb1xe4 Qd8g5
21.f4 Qg5g4
22.Bb4d6 Rb8d8
23.Qe4xb7 Qg4e2
24.Qb7f3 Qe2d2
25.Qf3f2 Qd2d3
26.Rc1d1 Qd3e4
27.Rd1d4 Qe4c6
28.f5 Be6d5
29.Ra1d1 Bd5e4
30.f6 g6
31.Qf2h4 { resign }
1-0

[Event "1/128 Finale"]
[Site "www.chess-mail.com"]
[Date "2019.04.10"]
[Round "1"]
[White "Claudia"]
[Black "Hennie4820"]
[WhiteElo "2000"]
[BlackElo "1990"]
[Result "1-0"]
[Round "1"]
1.d4 Ng8f6
2.c4 g6
3.Nb1c3 Bf8g7
4.e4 d6
5.Bc1g5 O-O
6.h3 e5
7.dxe5 dxe5
8.Qd1xd8 Rf8xd8
9.Nc3d5 Rd8d7
10.Nd5xf6 Bg7xf6
11.Bg5xf6 c6
12.Bf1e2 { resign }
1-0

[Event "Tourn. n10069"]
[Site "www.echecsemail.com"]
[Date "2019.04.11"]
[Round "1"]
[White "Cal"]
[Black "Passaroa25"]
[WhiteElo "1880"]
[BlackElo "1820"]
[Result "1-0"]
[Round "1"]
1.Ng1f3 Nb8c6
2.d4 Ng8f6
3.Nb1c3 d5
4.h3 e6
5.a3 Bc8d7
6.e3 Bf8e7
7.Bf1b5 a6
8.Bb5xc6 Bd7xc6
9.O-O Qd8d7
10.b4 b5
11.Nc3e2 O-O
12.Bc1b2 Nf6e4
13.Nf3e5 Qd7d6
14.f4 f6
15.Ne5g4 h5
16.Rf1f3 hxg4
17.hxg4 g5
18.f5 e5
19.dxe5 fxe5
20.Kh2 Ne4f6
21.c3 Nf6xg4
22.Kg1 d4
23.cxd4 Bc6xf3
24.gxf3 Ng4xe3
25.Qd1b3 Ne3d5
26.dxe5 Qd6b6
27.Bb2d4 Qb6c6
28.f6 Be7d8
29.Bd4c5 Kh7
30.Bc5xf8 Qc6b6
31.Bf8c5 Qb6c6
32.Qb3d3 Kh6
33.Bc5f8 Kh5
34.Qd3h7 
1-0

[Event "Tourn. n10069"]
[Site "www.echecsemail.com"]
[Date "2019.04.11"]
[Round "1"]
[White "Libiesse"]
[Black "Cal"]
[WhiteElo "1810"]
[BlackElo "1880"]
[Result "1-0"]
[Round "1"]
1.Ng1f3 d5
2.d4 h6
3.c4 dxc4
4.e3 Nb8c6
5.Bf1xc4 Bc8g4
6.Nb1c3 e6
7.O-O Ng8f6
8.h3 Bf8d6
9.hxg4 Nf6xg4
10.Nc3e4 f5
11.Ne4xd6 cxd6
12.Bc4xe6 Qd8e7
13.Be6xf5 O-O
14.Bf5xg4 Rf8f6
15.Qd1b3 Kh8
16.d5 Nc6d8
17.Nf3d4 Rf6g6
18.Bg4f3 Ra8b8
19.Qb3d3 Nd8f7
20.Qd3xg6 Nf7e5
21.Qg6e6 Qe7g5
22.e4 Rb8f8
23.Bc1xg5 hxg5
24.Qe6xd6 Rf8e8
25.Nd4e6 Ne5c4
26.Qd6h2 Kg8
27.Bf3h5 Re8e7
28.Qh2b8 Kh7
29.Qb8d8 { resign }
1-0

[Event "Match"]
[Site "www.echecsemail.com"]
[Date "2019.04.11"]
[Round "1"]
[White "Coraza"]
[Black "Bjonil60"]
[WhiteElo "1750"]
[BlackElo "1400"]
[Result "1-0"]
[Round "1"]
1.e4 Nb8c6
2.d4 e5
3.d5 Nc6e7
4.Ng1f3 Ng8f6
5.Nb1c3 d6
6.Bf1b5 c6
7.dxc6 bxc6
8.Bb5a4 Bc8d7
9.Ba4b3 g6
10.Qd1e2 Bf8g7
11.Nf3g5 O-O
12.h4 h6
13.Ng5f3 c5
14.Bc1d2 h5
15.Bd2g5 Nf6h7
16.Qe2d3 Qd8e8
17.O-O-O Ne7c6
18.a3 a6
19.Qd3xd6 Ra8d8
20.Bg5xd8 Qe8xd8
21.Qd6xd7 Qd8xd7
22.Rd1xd7 Nc6b8
23.Rd7c7 Nh7f6
24.Rc7xc5 Nb8d7
25.Rc5a5 Nd7b8
26.Nf3xe5 Nf6d7
27.Ne5xd7 Nb8xd7
28.Ra5xa6 Nd7c5
29.Ra6a5 Nc5xb3
30.cxb3 f6
31.f4 f5
32.e5 Rf8e8
33.Rh1d1 Bg7h6
34.g3 Kg7
35.Ra5a7 Kf8
36.Rd1d7 Kg8
37.Rd7h7 Bh6f8
38.Nc3d5 Re8c8
39.Kb1 Bf8c5
40.Ra7g7 Kf8
41.Nd5f6 Bc5f2
42.Rg7g8 
1-0

[Event "Tourn. n10100"]
[Site "www.echecsemail.com"]
[Date "2019.04.11"]
[Round "1"]
[White "Mitja"]
[Black "Scasan55"]
[WhiteElo "2140"]
[BlackElo "2010"]
[Result "1-0"]
[Round "1"]
1.d4 e6
2.e3 d5
3.c3 Ng8f6
4.Ng1e2 c5
5.dxc5 Bf8xc5
6.b3 b6
7.Bc1b2 O-O
8.Ne2g3 Bc8b7
9.Nb1d2 Bb7a6
10.Bf1xa6 Nb8xa6
11.Nd2f3 Ra8c8
12.O-O Bc5d6
13.Qd1e2 Na6c5
14.Nf3d4 Nc5e4
15.Ng3xe4 Nf6xe4
16.Ra1c1 Qd8d7
17.h3 f5
18.Nd4f3 f4
19.c4 dxc4
20.Rc1xc4 Rc8xc4
21.Qe2xc4 Ne4f6
22.exf4 Rf8c8
23.Qc4e2 Bd6xf4
24.Bb2xf6 gxf6
25.Rf1d1 Qd7f7
26.Qe2e4 Kh8
27.Qe4xf4 { resign }
1-0

[Event "Tourn. n10100"]
[Site "www.echecsemail.com"]
[Date "2019.04.11"]
[Round "1"]
[White "Bojan"]
[Black "Scasan55"]
[WhiteElo "2020"]
[BlackElo "2010"]
[Result "1-0"]
[Round "1"]
1.e4 c5
2.e5 d6
3.exd6 Qd8xd6
4.Qd1f3 Nb8c6
5.c3 e5
6.Nb1a3 Ng8f6
7.Na3c4 Qd6c7
8.d3 h6
9.h3 Bc8e6
10.Qf3g3 Be6xc4
11.dxc4 Nc6e7
12.Ng1f3 Ne7g6
13.Nf3d2 Bf8d6
14.Qg3f3 O-O
15.Bf1d3 Ra8d8
16.Nd2e4 Nf6xe4
17.Bd3xe4 b6
18.Bc1e3 Bd6e7
19.O-O Be7f6
20.Qf3g4 Ng6f4
21.g3 Nf4e6
22.Be3xh6 Qc7e7
23.Bh6e3 Bf6g5
24.h4 Bg5xe3
25.fxe3 Rf8e8
26.Rf1f2 f6
27.Be4g6 Ne6f8
28.Bg6xe8 Rd8xe8
29.Ra1f1 Nf8h7
30.Rf1d1 Qe7f7
31.Rd1d7 Re8e7
32.Rd7d8 Re7e8
33.Rf2d2 Re8xd8
34.Rd2xd8 Nh7f8
35.h5 Kh7
36.Qg4f5 Kg8
37.g4 Qf7xc4
38.h6 Qc4f7
39.h7 Kh8
40.g5 Qf7e7
41.Qf5c8 fxg5
42.Rd8xf8 Kxh7
43.Qc8f5 { resign }
1-0

[Event "Tourn. n10101"]
[Site "www.echecsemail.com"]
[Date "2019.04.11"]
[Round "1"]
[White "Claudia"]
[Black "Bojan"]
[WhiteElo "2000"]
[BlackElo "2070"]
[Result "1-0"]
[Round "1"]
1.d4 e6
2.c4 c6
3.Nb1c3 Bf8b4
4.Qd1c2 b6
5.Ng1f3 h6
6.e4 Qd8e7
7.Bf1d3 Bc8b7
8.O-O Qe7d8
9.Bc1f4 f6
10.a3 Bb4xc3
11.Qc2xc3 Ng8e7
12.Rf1e1 d6
13.c5 d5
14.exd5 Ne7xd5
15.Bd3g6 Kd7
16.Qc3d2 Nd5e7
17.Qd2e3 Qd8g8
18.Bg6d3 Ne7d5
19.Qe3d2 Qg8f7
20.Bf4g3 Nb8a6
21.b4 Na6c7
22.a4 Nc7a6
23.b5 Na6c7
24.bxc6 Bb7xc6
25.Bg3xc7 Kxc7
26.cxb6 axb6
27.Bd3b5 Kd6
28.Bb5xc6 Kxc6
29.a5 Rh8b8
30.axb6 Ra8xa1
31.Re1xa1 Rb8xb6
32.Qd2c2 Kd6
33.Nf3d2 Qf7c7
34.Qc2g6 Rb6c6
35.Nd2e4 Kd7
36.Qg6xg7 Nd5e7
37.Ne4xf6 Kc8
38.Qg7f8 Kb7
39.Qf8a8 { resign }
1-0

[Event "Tourn. n10098"]
[Site "www.echecsemail.com"]
[Date "2019.04.11"]
[Round "1"]
[White "Coolant"]
[Black "Francesco"]
[WhiteElo "2310"]
[BlackElo "2080"]
[Result "1-0"]
[Round "1"]
1.Nb1c3 Nb8c6
2.d4 d5
3.e4 dxe4
4.d5 Nc6e5
5.Nc3xe4 Bc8f5
6.Ne4g3 Bf5g6
7.f4 Ne5d7
8.f5 Bg6xf5
9.Ng3xf5 g6
10.Nf5d4 Bf8g7
11.Ng1f3 Nd7b6
12.Bf1b5 Nb6d7
13.O-O Ng8f6
14.c4 a6
15.Bb5xd7 Qd8xd7
16.Nf3e5 Qd7d6
17.Bc1f4 O-O
18.Ne5xg6 Qd6c5
19.Ng6xf8 { resign }
1-0

[Event "Match"]
[Site "www.echecsemail.com"]
[Date "2019.04.11"]
[Round "1"]
[White "Mitja"]
[Black "Bojan"]
[WhiteElo "2100"]
[BlackElo "2110"]
[Result "0-1"]
[Round "1"]
1.d4 d5
2.e3 a6
3.c3 Nb8c6
4.h3 Ng8f6
5.b3 Bc8f5
6.Bc1b2 h6
7.Ng1f3 Nc6a7
8.Nb1d2 Qd8d6
9.Nf3e5 Nf6h7
10.Ne5f3 Nh7g5
11.Nf3xg5 hxg5
12.Bf1e2 Na7b5
13.Nd2f1 e5
14.dxe5 Qd6xe5
15.Qd1d2 Qe5e6
16.Nf1g3 Bf5g6
17.Be2d3 c6
18.Bd3xg6 Qe6xg6
19.a4 Nb5d6
20.Qd2d1 O-O-O
21.Qd1d2 f6
22.Bb2a3 Nd6e4
23.Ng3xe4 dxe4
24.Qd2e2 f5
25.Ba3xf8 Rh8xf8
26.Ra1d1 f4
27.Rd1xd8 Rf8xd8
28.O-O Kc7
29.exf4 gxf4
30.Kh2 Rd8d3
31.Rf1e1 e3
32.fxe3 Qg6g3
33.Kh1 Rd3xe3
{ resign }
0-1